Obálka Náhled e-knihy:
PDF Epub
Pro půjčování e-knih musíte být přihlášeni.
Jak si půjčit online?

Vraždy naruby /

Hranice, oddělující zákon a právo od nepravostí a zločinu, bývá bohužel často tu krkolomně křivolaká, onde značně nevýrazná až mizející a o peníze jde téměř vždy až na prvním místě.Soubor osmi detektivních povídek.

Uloženo v:
Hlavní autor: Kocian, Jiljí (Autor)
Médium: E-kniha
Jazyk:Czech
Vydáno: Praha : E-knihy jedou, 2020
Tagy:
Žádné tagy
LEADER 01188nam a22002297i 4500
001 311131
007 ta
008 260601s2020 xr ||||| |||| 00| 0 cze d
020 |a 9990002034015 
044 |a xr 
100 1 |a  Kocian, Jiljí  |4 aut 
245 1 0 |a Vraždy naruby /  |c  Kocian, Jiljí 
264 1 |a Praha :  |b E-knihy jedou,  |c 2020 
300 |a 1 online zdroj (107 stran) 
336 |a text  |b txt  |2 rdacontent 
337 |a bez média  |b n  |2 rdamedia 
338 |a online zdroj  |b cr  |2 rdacarrier 
520 2 |a Hranice, oddělující zákon a právo od nepravostí a zločinu, bývá bohužel často tu krkolomně křivolaká, onde značně nevýrazná až mizející a o peníze jde téměř vždy až na prvním místě.Soubor osmi detektivních povídek. 
910 |a RBIT002 
998 |d 203401  |a https://core.palmknihy.cz/api/books/203401/cover?q4iixv  |b https://core.palmknihy.cz/api/books/203401/cover/400?q4iixv  |c https://core.palmknihy.cz/api/books/203401/cover/50?q4iixv  |e   |g 107  |i 9990002034015  |j https://core.palmknihy.cz/api/books/203401/preview.epub  |k https://core.palmknihy.cz/api/books/203401/preview.pdf  |l   |q 49  |r 1  |s https://www.palmknihy.cz/kniha/203401  |t ebook  |y 2020  |z 1 
999 |d 311129